000 02605nam a2200361 a 4500
001 BRCA_5143
005 20190320204946.0
008 221110m18331848mx-######v---#000-0#spa-#
041 _aspa
044 _amx
084 _aDOC134
_b.M67
_c1833
100 1 _aMorales, Juan
_913140
245 1 0 _aDocumento propiedad de Don Juan Morales
_cJuan Morales ... [et. al.].
260 _aMéxico
_c1833-1848
300 _a[5] fojas
_c31 x 22 cm.
500 _aDocumento que contiene varios asuntos firmados y fechados entre 1833-1848.
500 _aLegajo 1: Testimonio que acredita al español Juan Morales estar casado con una mexicana a fin de evitar el efecto de las leyes del 16 de enero de 1833 y 20 de marzo de 1829. Firmado en el Palacio de Gobierno Federal de México, el 30 de marzo de 1833 por el Secretario de Relaciones [Bernardo González Angulo]. -- Legajo 2: Fe de bautizo de Felipa Josefa Manuela Jurado. Firmado el 22 de agosto de 1848 por el cura Francisco Martínez. -- Legajo 3: Don Juan Morales apela a las autoridades respectivas reclamando la herencia de la que le despojo su hija Felipa Jurado. Habla de unas pruebas adjuntas, pero pide que se mantenga en secreto. Firmado el 9 de septiembre de 1846 por el Lic. Francisco Rojas. -- Legajo 4: Certificado de matrimonio religioso de Juan Morales y Doña Maria Dolores Camacho. Firma el Dr. Nicolás Aragón.
500 _aEl primer legajo contiene al margen el escudo nacional mexicano con la inscripción: ´REPÚLICA FEDERAL MEXICANA´. -- El segundo legajo contiene al margen escudo nacional con la inscripción que dice: ´SELLO QUINTO. MEDIO REAL´. -- El tercer legajo contiene al margen sello con escudo nacional e inscripción: ´SELLO QUINTO. MEDIO REAL´. -- El cuarto legajo contiene al margen sello con escudo nacional e inscripción que dice: ´SELLO QUARTO. UN REAL´.
500 _aEl documento contiene la leyenda DOC. #302.
500 _aPapel con marca de agua.
500 _aEstado de conservación: contiene manchas de acidez.
506 0 _aFondo Reservado. Para su consulta es necesario credencial de usuario y carta de motivos.
546 _aTexto en: español de principios del siglo XIX.
600 1 4 _aMorales, Juan
_xHistoria
_913141
650 1 4 _aDocumentos legales
_vManuscritos
_xHistoria
_912814
651 4 _aMéxico
_xHistoria
_yFederalismo y centralismo, 1824-1853
_912576
700 1 _aGonzález Angulo, Bernardo
_d1780-1824
_913142
700 1 _aMartínez, Francisco
_913143
700 1 _aRojas, Francisco
_913144
700 1 _aAragón, Nicolás
_913145
902 _aFDH
942 _2lcc
_cD
999 _c4837
_d4837